Teorías matemáticas formalizadas /

Guardado en:
Autor Principal: Sikorski, Roman.
Autor Corporativo: Instituto de Matemática. INMABB. UNS. CONICET.
Formato: Libro
Idioma:Spanish
Publicado: Bahía Blanca : Instituto de Matemática, Universidad Nacional del Sur, 1968.
Series:Notas de lógica matemática, 5
Notas de lógica matemática (Instituto de Matemática, Universidad Nacional del Sur) ; 5
Acceso en línea:Texto escaneado (PDF)
Etiquetas: Agregar Etiqueta
Sin Etiquetas, Sea el primero en etiquetar este registro!
LEADER 00967nam a2200181 a 4500
001 MAT.inmabb006430
008 101203s1968####ag#######b###f000#0#spa##
005 20151229131654.0
245 1 0 |a Teorías matemáticas formalizadas /  |c por Roman Sikorski. 
260 |a Bahía Blanca :  |b Instituto de Matemática, Universidad Nacional del Sur,  |c 1968. 
300 |a 60 p. ;  |c 27 cm. 
440 0 |a Notas de lógica matemática,  |x 0078-2017 ;  |v 5 
500 |a "Apuntes de las lecciones sobre Teorías matemáticas formalizadas, dictados por el profesor Roman Sikorski en la Universidad nacional del Sur durante el período de mayo-julio de 1958, redactados por Antonio Diego.". 
100 1 |a Sikorski, Roman. 
710 2 |a Instituto de Matemática. INMABB. UNS. CONICET. 
830 0 |a Notas de lógica matemática (Instituto de Matemática, Universidad Nacional del Sur) ;  |v 5 
856 4 1 |u http://inmabb-conicet.gob.ar/publicaciones/nlm/nlm-5.pdf  |y Texto escaneado (PDF) 
859 |b BIB. MATEMATICA